Pokémon - Les attaques de Parecool - Statistiques

Statistiques générales
  • Ce quiz a été pris 17 fois
    7 depuis la dernière actualisation
  • Le résultat moyen est 9 sur 11
Statistiques - réponses
Niveaux Types Noms des coups % Correct
Niveau 17 Psy Amnésie
100%
Départ Normal Bâillement
100%
Niveau 38 Fée Câlinerie
100%
Départ Normal Griffe
100%
Niveau 9 Normal Paresse
100%
Niveau 30 Combat Riposte
100%
Niveau 14 Normal Coup d'Boule
75%
Niveau 6 Normal Encore
75%
Niveau 25 Ténèbres Exécu-Son
50%
Niveau 33 Normal Gigotage
50%
Niveau 22 Normal Implore
50%
Aucun quiz correspondant
Distribution des résultats
% des personnes avec chaque résultat
Percentile par nombre de réponses
Votre historique - résultats
Vous n’avez pas pris ce quiz depuis la dernière actualisation